[Event "Ch Latvia"]
[Site "Riga (Latvia)"]
[Date "2021.09.19"]
[Round "4.6"]
[White "Jazdanovs Aleksandrs (LAT)"]
[Black "Saveljevs Aleksandrs (LAT)"]
[Result "0-1"]
[WhiteElo "2178"]
[BlackElo "1976"]
[Annotator ""]
[Source ""]
[Remark ""]

1.e4 d6 2.Nc3 Nf6 3.Nf3 g6 4.d4 Bg7 5.h3 O-O 6.g3 b6 7.Bg2 Bb7
8.Qe2 c5 9.e5 Nfd7 10.O-O cxd4 11.exd6 e5 12.Nb5 a6 13.Nc7 Ra7
14.Bg5 Bxf3 15.Qd2 Bf6 0-1

[Event "Ch Latvia"]
[Site "Riga (Latvia)"]
[Date "2021.09.19"]
[Round "4.7"]
[White "Ungurs Edgars (LAT)"]
[Black "Springis Jevgenijs (LAT)"]
[Result "1-0"]
[WhiteElo "2154"]
[BlackElo "1879"]
[Annotator ""]
[Source ""]
[Remark ""]

1.e4 c5 2.Nf3 d6 3.d4 cxd4 4.Nxd4 Nf6 5.Nc3 a6 6.Be2 e5 7.Nb3
Be7 8.Be3 Be6 9.O-O Nbd7 10.a4 b6 11.f4 Qc7 12.Bf3 O-O 13.Re1
exf4 14.Bxf4 Ne5 15.Nd5 Nxd5 16.exd5 Nxf3+ 17.Qxf3 Bc8 18.Qg3
Bb7 19.Rad1 Rad8 20.Nd4 Qd7 21.c4 Bf6 22.Bg5 Bxg5 23.Qxg5 Rfe8
24.Nf5 f6 25.Qf4 Re5 26.Nd4 Rde8 27.Nf3 Rxe1+ 28.Rxe1 Rxe1+ 29.Nxe1
b5 30.axb5 axb5 31.b3 Qe7 32.Kf2 bxc4 33.bxc4 Bc8 34.Qe3 Kf7
35.Qxe7+ Kxe7 36.Ke3 g5 37.Kd4 f5 38.Nd3 f4 39.Nb4 Bf5 40.Nc6+
Kf6 41.Na5 h5 42.Nb7 Ke7 43.c5 dxc5+ 44.Ke5 Bd3 45.d6+ Ke8 46.d7+ 1-0

[Event "Ch Latvia"]
[Site "Riga (Latvia)"]
[Date "2021.09.19"]
[Round "4.8"]
[White "Stepins Edgars (LAT)"]
[Black "Adamovics Aleksejs (LAT)"]
[Result "1-0"]
[WhiteElo "2263"]
[BlackElo "1594"]
[Annotator ""]
[Source ""]
[Remark ""]

1.d4 Nf6 2.Nf3 c5 3.e3 d5 4.c4 Bg4 5.cxd5 Nxd5 6.dxc5 Qa5+ 7.Bd2
Qxc5 8.Na3 Nc6 9.Rc1 Qb6 10.Nc4 Qd8 11.Qb3 Nb6 12.Nce5 Be6 13.Nxc6
bxc6 14.Qc2 Rc8 15.Ba6 Rc7 16.e4 c5 17.Bf4 c4 18.Bxc7 Qxc7 19.Bb5+ 1-0

[Event "Ch Latvia"]
[Site "Riga (Latvia)"]
[Date "2021.09.19"]
[Round "4.9"]
[White "Levchenkov Vitaly (LAT)"]
[Black "Sokolovskis Pavels (LAT)"]
[Result "1-0"]
[WhiteElo "2120"]
[BlackElo "1568"]
[Annotator ""]
[Source ""]
[Remark ""]

1.e4 c5 2.Nf3 e6 3.d4 cxd4 4.Nxd4 a6 5.a3 Qc7 6.c4 Nf6 7.Nc3
d6 8.Be2 Nbd7 9.f4 b6 10.O-O Bb7 11.Qc2 Be7 12.Be3 h5 13.h3 h4
14.b4 Rc8 15.Rac1 Nh5 16.Bd3 Ng3 17.Rfe1 Nf6 18.f5 e5 19.Nf3
Kf8 20.Ng5 Nd7 21.Qd2 Bxg5 22.Bxg5 f6 23.Nd5 Qd8 24.Be3 Kf7 25.Qf2
Bxd5 26.cxd5 b5 27.Rxc8 Qxc8 28.Rc1 Qb8 29.Qc2 Ke7 30.Qc6 Qa8
31.Qc7 Qb8 32.Qa5 Rc8 33.Qxa6 Rxc1+ 34.Bxc1 Qc7 35.Bd2 Nxe4 36.Bxe4
Qc4 37.Kh2 Qxe4 38.Qxb5 Qd4 39.Qe2 Qxd5 40.a4 e4 41.a5 Kd8 42.b5
Kc8 43.Bf4 Nc5 44.Qh5 Kd7 45.Qg6 Qg8 46.Bh6 Kc7 47.Bxg7 Nd7 48.Bh6
Qd5 49.b6+ Kc6 50.Qe8 Qe5+ 51.Qxe5 dxe5 52.Bd2 Nc5 53.g3 hxg3+
54.Kxg3 Nb3 55.Be1 Nd4 56.Kg4 e3 57.h4 Nc2 58.Bc3 e2 59.h5 Ne3+
60.Kf3 Nxf5 61.Be1 1-0

[Event "Ch Latvia"]
[Site "Riga (Latvia)"]
[Date "2021.09.19"]
[Round "4.10"]
[White "Strods Kristaps Reinis (LAT)"]
[Black "Gudovskis Konstantins (LAT)"]
[Result "1-0"]
[WhiteElo "1646"]
[BlackElo "2024"]
[Annotator ""]
[Source ""]
[Remark ""]

1.e4 e6 2.d4 d5 3.Nc3 dxe4 4.Nxe4 Bd7 5.Nf3 Bc6 6.Bd3 Nd7 7.c3
Ngf6 8.Ng3 Be7 9.O-O Bxf3 10.Qxf3 c6 11.Re1 O-O 12.Rb1 Re8 13.Bd2
Nf8 14.h4 Qd5 15.Qe2 Qxa2 16.c4 Qa6 17.Bc3 Qb6 18.h5 Qd8 19.h6
g6 20.Rbd1 N6d7 21.Qf3 Nb6 22.b3 f5 23.Ba5 Qxd4 24.Bxf5 Qf6 25.Bc3
Qf7 26.Bh3 Qxf3 27.gxf3 Kf7 28.Rd4 g5 29.Rg4 Rad8 30.Ne4 Rd3
31.Rg3 Kg6 32.Bf1 Rxc3 33.Nxc3 Kxh6 34.Rd1 Nbd7 35.Bd3 Ne5 36.Bc2
Neg6 37.Ne2 Rd8 38.Rxd8 Bxd8 39.Bxg6 Nxg6 40.f4 gxf4 41.Rh3+
Kg7 42.Nd4 Kf6 43.Rxh7 e5 44.Nc2 e4 45.Rxb7 Ne5 46.c5 Nf3+ 47.Kf1
Ke5 48.b4 Bh4 49.Rh7 Bg5 50.b5 cxb5 51.c6 Nd2+ 52.Ke2 Nc4 53.c7
f3+ 54.Ke1 Nb6 55.Rh8 Kd5 56.Rb8 Kc6 57.Rxb6+ Kxc7 58.Rxb5 1-0

[Event "Ch Latvia"]
[Site "Riga (Latvia)"]
[Date "2021.09.19"]
[Round "4.11"]
[White "Savicevs Arsenijs (LAT)"]
[Black "Katishonok Nikolaj (LAT)"]
[Result "1/2-1/2"]
[WhiteElo "1708"]
[BlackElo "2123"]
[Annotator ""]
[Source ""]
[Remark ""]

1.Nf3 Nf6 2.c4 c5 3.b3 b6 4.Bb2 Bb7 5.e3 e6 6.d4 d5 7.Nbd2 cxd4
8.exd4 Nc6 9.Be2 dxc4 10.Bxc4 Be7 11.O-O O-O 12.Rc1 Rc8 13.Qe2
Nb4 14.Ne5 Bd5 15.a3 Bxc4 16.bxc4 Nc6 17.Ndf3 Nxe5 18.Nxe5 Nd7
19.Nxd7 Qxd7 20.d5 Rfe8 21.Qg4 Bf8 22.Rfd1 Qd6 23.Rd3 exd5 24.Qd1 1/2-1/2

[Event "Ch Latvia"]
[Site "Riga (Latvia)"]
[Date "2021.09.19"]
[Round "4.12"]
[White "Boreisis Vitauts (LAT)"]
[Black "Gobleja Karlis (LAT)"]
[Result "1/2-1/2"]
[WhiteElo "1930"]
[BlackElo "1728"]
[Annotator ""]
[Source ""]
[Remark ""]

1.d4 Nf6 2.c4 g6 3.Nc3 d5 4.cxd5 Nxd5 5.e4 Nxc3 6.bxc3 Bg7 7.Qa4+
Nd7 8.Nf3 O-O 9.Be2 c5 10.Be3 cxd4 11.cxd4 Nf6 12.Nd2 Ng4 13.Bxg4
Bxg4 14.O-O b5 15.Qb4 a5 16.Qb2 Be2 17.Rfe1 Bc4 18.Nxc4 bxc4
19.Rac1 Rc8 20.Qd2 Qc7 21.Rc3 Qc6 22.Qc2 Rfd8 23.Rd1 a4 24.f3
Rd7 25.Kh1 e6 26.Qe2 f5 27.exf5 gxf5 28.Rdc1 Rdc7 29.Bf2 Qd5
30.Rd1 Bf6 31.Qc2 Qb5 1/2-1/2

[Event "Ch Latvia"]
[Site "Riga (Latvia)"]
[Date "2021.09.19"]
[Round "4.13"]
[White "Alainis Artis (LAT)"]
[Black "Mucenieks Marks (LAT)"]
[Result "1-0"]
[WhiteElo "1841"]
[BlackElo "1660"]
[Annotator ""]
[Source ""]
[Remark ""]

1.e4 e5 2.Nf3 Nc6 3.Bb5 a6 4.Ba4 Nf6 5.d3 b5 6.Bb3 Be7 7.O-O
d6 8.c3 O-O 9.Re1 h6 10.Nbd2 Re8 11.Nf1 Bf8 12.Ne3 Na5 13.Bc2
c5 14.a4 b4 15.cxb4 cxb4 16.d4 Bb7 17.d5 Bc8 18.Bd2 Rb8 19.Bd3
Qb6 20.b3 Ng4 21.Nh4 Nxe3 22.Rxe3 Qd8 23.Nf5 Bxf5 24.exf5 Qb6
25.Rg3 e4 26.Bxh6 exd3 27.Bxg7 f6 28.Bxf6+ Kf7 29.Qh5+ Kxf6 30.Qg5+
Kf7 31.f6 1-0

[Event "Ch Latvia"]
[Site "Riga (Latvia)"]
[Date "2021.09.19"]
[Round "4.14"]
[White "Petrovs Renars (LAT)"]
[Black "Milovs Daniels (LAT)"]
[Result "1-0"]
[WhiteElo "1187"]
[BlackElo "1814"]
[Annotator ""]
[Source ""]
[Remark ""]

1.d4 Nf6 2.Bg5 e6 3.c3 d5 4.e3 c5 5.Nd2 Be7 6.Bd3 Nc6 7.Ngf3
O-O 8.Bxf6 Bxf6 9.dxc5 a5 10.Qc2 h6 11.a4 e5 12.Bb5 Qe7 13.Nb3
Bg4 14.h3 Bh5 15.g4 Bg6 16.Qe2 Na7 17.Nxa5 Qxc5 18.Nb3 Qb6 19.O-O
Nxb5 20.Qxb5 Qxb5 21.axb5 Bd3 22.Rfe1 Bxb5 23.Nfd2 Be7 24.Nf3
Bf6 25.Kg2 Bd7 26.Red1 Be6 27.Rxa8 Rxa8 28.Nc5 Ra2 29.Nxe6 fxe6
30.Rd2 e4 31.Nd4 Kf7 32.Rc2 Bxd4 33.cxd4 Kf6 34.Kg3 b5 35.h4
b4 36.f3 exf3 37.Kxf3 g5 38.h5 b3 39.Rd2 Ke7 40.Ke2 Kd6 41.Kd3
Ra1 42.Rg2 Rc1 43.Rf2 Ke7 44.Rg2 Rc4 45.e4 e5 46.exd5 Rxd4+ 47.Kc3
Kd6 48.Kxb3 Kxd5 49.Kc3 e4 50.Rd2 Rxd2 51.Kxd2 Kd4 52.b4 e3+
53.Ke2 1-0

[Event "Ch Latvia"]
[Site "Riga (Latvia)"]
[Date "2021.09.19"]
[Round "4.15"]
[White "Stinka Gustavs (LAT)"]
[Black "Alipovs Anatolijs (LAT)"]
[Result "0-1"]
[WhiteElo "1024"]
[BlackElo "1796"]
[Annotator ""]
[Source ""]
[Remark ""]

1.e4 c5 2.c4 Nc6 3.h3 Nf6 4.Nc3 g6 5.d3 Bg7 6.Nf3 d6 7.a3 O-O
8.g4 Bd7 9.Bg2 h5 10.Nh2 Qc8 11.gxh5 Nxh5 12.Bf3 Nf6 13.Ng4 Re8
14.Nxf6+ Bxf6 15.Bg4 Nd4 16.Nd5 Bg7 17.Bg5 Qd8 18.Rb1 f6 19.Be3
e6 20.Nf4 f5 21.Bf3 Nxf3+ 22.Qxf3 g5 23.Nh5 f4 24.Nxg7 Kxg7 25.Rg1
fxe3 26.Qh5 exf2+ 27.Kxf2 Qf6+ 28.Ke2 Rh8 29.Rxg5+ Kf8 30.Qg4
Ke7 31.Rg7+ Kd8 32.Rg8+ Kc7 33.Rxa8 Rxa8 34.b4 Rf8 35.Qg1 b6
36.Qg3 Qc3 37.bxc5 bxc5 38.Rg1 Rb8 39.Qh4 Rb2+ 40.Kf3 Qxd3+ 41.Kf4
e5+ 42.Kg5 Qe3+ 43.Kf6 Qxg1 44.Qh8 Rf2+ 45.Ke7 Qg5+ 46.Qf6 Qxf6# 0-1

[Event "Ch Latvia"]
[Site "Riga (Latvia)"]
[Date "2021.09.19"]
[Round "4.17"]
[White "Melderis Uldis (LAT)"]
[Black "Aleidzans Vadims (LAT)"]
[Result "0-1"]
[WhiteElo "1877"]
[BlackElo "1433"]
[Annotator ""]
[Source ""]
[Remark ""]

1.b4 e5 2.Bb2 Bxb4 3.Bxe5 Nf6 4.e3 O-O 5.Nf3 d5 6.c4 c5 7.cxd5
Nxd5 8.Be2 Nc6 9.Bb2 Bg4 10.a3 Ba5 11.O-O Qe7 12.d4 Rfd8 13.Qc2
cxd4 14.Nxd4 Nxe3 15.Nxc6 bxc6 16.fxe3 Qxe3+ 17.Kh1 Bxe2 18.Rg1
Rd3 19.Rc1 Rad8 20.Nc3 Rd2 21.Qb3 Bf3 22.Rg1 Rxg2 23.Rxg2 Bxg2+
24.Kxg2 Rd2+ 0-1

[Event "Ch Latvia"]
[Site "Riga (Latvia)"]
[Date "2021.09.20"]
[Round "5.1"]
[White "Berzinsh Roland (LAT)"]
[Black "Mierins Eriks (LAT)"]
[Result "1-0"]
[WhiteElo "2364"]
[BlackElo "2191"]
[Annotator ""]
[Source ""]
[Remark ""]

1.e4 e5 2.Nf3 Nc6 3.Bb5 a6 4.Ba4 Nf6 5.O-O Be7 6.d3 b5 7.Bb3
O-O 8.Nc3 d6 9.a3 Bg4 10.Be3 Nd4 11.Bxd4 exd4 12.Nd5 Nxd5 13.Bxd5
Rc8 14.h3 Bxf3 15.Qxf3 c6 16.Bb3 Qd7 17.a4 Bf6 18.Ra2 b4 19.a5
Kh8 20.Bc4 Ra8 21.Ra4 Rab8 22.Re1 Be5 23.Qg4 Qxg4 24.hxg4 f6
25.g3 Rfd8 26.f4 d5 27.exd5 cxd5 28.Bb3 Bc7 29.Re6 Rd6 30.Re7
Rc8 31.Kg2 Kg8 32.Re4 Kf7 33.Rxd4 Ke6 34.Rdxb4 Rb8 35.Rxb8 Bxb8
36.Kf3 1-0

[Event "Ch Latvia"]
[Site "Riga (Latvia)"]
[Date "2021.09.20"]
[Round "5.2"]
[White "Jankovskis Guntis (LAT)"]
[Black "Starostits Ilmars (LAT)"]
[Result "0-1"]
[WhiteElo "2260"]
[BlackElo "2428"]
[Annotator ""]
[Source ""]
[Remark ""]

1.d4 Nf6 2.c4 g6 3.f3 c5 4.d5 Bg7 5.e4 d6 6.Ne2 O-O 7.Nec3 a6
8.a4 e5 9.Bg5 h6 10.Bh4 Qe8 11.g4 Nbd7 12.Nd2 Nh7 13.Bd3 f5 14.exf5
e4 15.Bxe4 gxf5 16.gxf5 Ne5 17.Qe2 Bxf5 18.O-O-O b5 19.Rhg1 b4
20.Ncb1 Bxe4 21.Qxe4 Rf4 22.Rxg7+ Kxg7 0-1

[Event "Ch Latvia"]
[Site "Riga (Latvia)"]
[Date "2021.09.20"]
[Round "5.3"]
[White "Saveljevs Aleksandrs (LAT)"]
[Black "Kretainis Kristaps (LAT)"]
[Result "1/2-1/2"]
[WhiteElo "1976"]
[BlackElo "2249"]
[Annotator ""]
[Source ""]
[Remark ""]

1.e4 d6 2.d4 Nf6 3.f3 e5 4.dxe5 dxe5 5.Qxd8+ Kxd8 6.Bc4 Be6 7.Bxe6
fxe6 8.Be3 Bd6 9.Nd2 Ke7 10.O-O-O Nc6 11.Ne2 h6 12.h4 Nd7 13.h5
Bc5 14.Nc4 Bxe3+ 15.Nxe3 Nf6 16.g4 Rhf8 17.Ng2 Nh7 18.Nh4 Ke8
19.Kd2 Ng5 20.Ke3 Rd8 21.c3 Rf7 22.Rxd8+ Kxd8 23.Rd1+ Rd7 24.Rxd7+
Kxd7 25.Ng6 Kd6 26.Nc1 Ne7 27.Nxe5 Kxe5 28.f4+ Kd6 29.fxg5 hxg5
30.Nd3 Nc6 31.c4 b6 32.b4 e5 33.a3 Ke6 34.Ne1 Nd8 35.Nf3 Kf6
36.Nd2 Ke6 37.Nf3 Nf7 38.Kd3 Kd6 39.Kc3 a6 40.Kd3 c5 41.b5 axb5
42.cxb5 Nh6 43.Nh2 Ng8 44.Nf1 Nf6 45.Ne3 Kc7 46.a4 Kb7 47.Nf5
Nxg4 48.Nxg7 Nf2+ 49.Ke3 Ng4+ 50.Kd3 Nf2+ 51.Ke3 Ng4+ 1/2-1/2

[Event "Ch Latvia"]
[Site "Riga (Latvia)"]
[Date "2021.09.20"]
[Round "5.4"]
[White "Ungurs Edgars (LAT)"]
[Black "Batashevs Arsens (LAT)"]
[Result "1-0"]
[WhiteElo "2154"]
[BlackElo "2167"]
[Annotator ""]
[Source ""]
[Remark ""]

1.e4 g6 2.d4 Bg7 3.Nf3 c6 4.h3 d5 5.e5 Nh6 6.c4 O-O 7.Nc3 dxc4
8.Bxc4 b5 9.Bb3 a5 10.a3 Ba6 11.Ne4 Nd7 12.e6 fxe6 13.Neg5 Kh8
14.Nxe6 Qb6 15.Nxf8 Rxf8 16.O-O Nf5 17.Ng5 Bxd4 18.Ne6 c5 19.Nxf8
Nxf8 20.Qf3 e6 21.Bc2 Bb7 22.Be4 Nd7 23.Bf4 Bxe4 24.Qxe4 Nf6
25.Qe2 Kg7 26.Be5 Kf7 27.Bxd4 Nxd4 28.Qe5 a4 29.Rad1 Ke7 30.Rxd4
cxd4 31.Rd1 Nd5 32.Rxd4 Qc5 33.Re4 Qc6 34.Qg7+ Kd6 35.Qf8+ Ne7
36.Qd8+ Qd7 37.Qxd7+ Kxd7 38.b3 axb3 39.Rb4 Kc6 40.Kf1 Kc5 41.Rxb3
Nc6 42.Rf3 Ne5 43.Rf8 Nc4 44.Ra8 Kd4 45.Ke2 Kc3 46.g4 Kb3 47.g5
Nxa3 48.Kd3 b4 49.Ra7 Nc4 50.Rxh7 e5 51.h4 e4+ 52.Kxe4 Kc3 53.Rc7
b3 54.Kd5 b2 55.Rxc4+ Kd3 56.Rb4 b1Q 57.Rxb1 1-0

[Event "Ch Latvia"]
[Site "Riga (Latvia)"]
[Date "2021.09.20"]
[Round "5.5"]
[White "Strods Kristaps Reinis (LAT)"]
[Black "Stepins Edgars (LAT)"]
[Result "0-1"]
[WhiteElo "1646"]
[BlackElo "2263"]
[Annotator ""]
[Source ""]
[Remark ""]

1.e4 c6 2.d4 d5 3.Nc3 g6 4.Nf3 dxe4 5.Nxe4 Bg7 6.Bc4 h6 7.Bf4
Bf5 8.Qe2 Bxe4 9.Qxe4 Nd7 10.O-O-O Ngf6 11.Qd3 e6 12.Qb3 Nb6
13.Bxe6 fxe6 14.Qxe6+ Qe7 15.Qh3 O-O 16.Ne5 g5 17.Ng6 Qe4 18.Nxf8
Qxf4+ 19.Kb1 Rxf8 20.Qe6+ Kh8 21.h4 g4 22.g3 Qe4 23.Qb3 Qf3 24.Qb4
Nfd5 25.Qc5 Na4 0-1

[Event "Ch Latvia"]
[Site "Riga (Latvia)"]
[Date "2021.09.20"]
[Round "5.6"]
[White "Tolmacevs Artjoms (LAT)"]
[Black "Levchenkov Vitaly (LAT)"]
[Result "1/2-1/2"]
[WhiteElo "2090"]
[BlackElo "2120"]
[Annotator ""]
[Source ""]
[Remark ""]

1.e4 c5 2.Nf3 Nc6 3.d4 cxd4 4.Nxd4 g6 5.Nc3 Bg7 6.Be3 Nf6 7.Bc4
O-O 8.Bb3 Ng4 9.Qxg4 Nxd4 10.Qd1 Nxb3 11.axb3 Qc7 12.Nd5 Qe5
13.Qd3 e6 14.Nb6 Rb8 15.Nc4 Qc7 16.Rxa7 d5 17.exd5 exd5 18.Qxd5
Be6 19.Qc5 Qxc5 20.Bxc5 Ra8 21.O-O Rxa7 22.Bxa7 Ra8 23.Be3 Bxc4
24.bxc4 Bxb2 25.Rb1 Ra1 26.Rxa1 Bxa1 27.Kf1 Kf8 28.Ke2 Ke7 29.Kd3
Be5 30.g3 f5 31.c5 Kd7 32.Bd4 Bc7 33.f4 Kc6 34.Kc4 Bd8 35.Be5
h5 36.h4 Ba5 37.c3 Bd8 38.Bd6 Bf6 39.Be5 Be7 40.Bd6 Bf6 41.Bf8
Bh8 42.Be7 Bg7 43.Bd6 Bf6 44.Bf8 Bh8 45.Be7 Bg7 46.Bd6 Bf6 47.Bf8
Bh8 48.Bh6 Bf6 49.Bg5 Bg7 50.Be7 Bh8 51.Bf8 Bf6 52.Bd6 Bg7 53.Be7
Bh8 54.Bf8 Bf6 55.Bd6 Bg7 56.Be7 Bh8 57.Bf8 Bf6 58.Bd6 Bg7 1/2-1/2

[Event "Ch Latvia"]
[Site "Riga (Latvia)"]
[Date "2021.09.20"]
[Round "5.7"]
[White "Bekasovs Rihards (LAT)"]
[Black "Dzjuba Vsevolod (LAT)"]
[Result "1-0"]
[WhiteElo "2091"]
[BlackElo "2085"]
[Annotator ""]
[Source ""]
[Remark ""]

1.Nf3 Nf6 2.b3 g6 3.Bb2 Bg7 4.g3 O-O 5.Bg2 d6 6.d4 Nc6 7.O-O
a6 8.c4 Rb8 9.Nbd2 e5 10.dxe5 Ng4 11.Qc1 Ngxe5 12.Nxe5 dxe5 13.Bxc6
bxc6 14.Rd1 Bg4 15.Ne4 Qc8 16.f3 Bh3 17.Ba3 f5 18.Nf2 f4 19.g4
h5 20.Nxh3 hxg4 21.Bxf8 Bxf8 22.Nxf4 gxf3 23.exf3 exf4 24.Qxf4
Qh3 25.Qg4 Bc5+ 26.Kh1 Qxg4 27.fxg4 Bd6 28.Rf1 Kg7 29.Kg2 a5
30.c5 Bxc5 31.Rac1 Bd6 32.Rxc6 a4 33.bxa4 Rb4 34.h3 Rxa4 35.Rc2
Kh6 36.Rf3 Kg5 37.Rb3 Kh4 38.Re2 Kg5 39.Rd3 Kh4 40.Rc2 Kg5 41.a3
Kh4 42.Rb3 Kg5 43.Rd3 Kh4 44.Rb2 Kg5 45.Rb5+ Kh4 46.Rdd5 1-0

[Event "Ch Latvia"]
[Site "Riga (Latvia)"]
[Date "2021.09.20"]
[Round "5.8"]
[White "Alipovs Anatolijs (LAT)"]
[Black "Jazdanovs Aleksandrs (LAT)"]
[Result "0-1"]
[WhiteElo "1796"]
[BlackElo "2178"]
[Annotator ""]
[Source ""]
[Remark ""]

1.Nf3 c5 2.e4 d6 3.d4 cxd4 4.Nxd4 Nf6 5.Nc3 a6 6.Bg5 e6 7.Qd2
Be7 8.Be2 b5 9.Bf3 Bb7 10.e5 Bxf3 11.Nxf3 dxe5 12.Qxd8+ Bxd8
13.Nxe5 Ba5 14.Bd2 O-O 15.O-O-O Ra7 16.g4 Rc8 17.g5 Bxc3 18.Bxc3
Ne4 19.Bd4 Rac7 20.c3 Nxg5 21.Rhg1 f6 22.Bb6 Rb7 23.Rd8+ Rxd8
24.Bxd8 h6 25.h4 fxe5 26.hxg5 Rd7 27.Bb6 h5 28.g6 Rd5 29.Rh1
Nd7 30.Be3 e4 31.Rh4 Nf6 32.b3 Kf8 33.Kc2 Ng4 34.Bd4 Rf5 35.Kd1
e5 36.Bc5+ Ke8 37.Ke2 Kd7 38.Rh1 Kc6 39.Ba7 Nf6 40.Be3 Nd5 41.c4
bxc4 42.bxc4 Nf4+ 43.Kd2 Nxg6 44.Rb1 Rf6 45.Kc3 h4 46.Rg1 h3
47.Rg3 Nf4 48.Bxf4 Rxf4 49.Rxg7 Rh4 50.Rg1 h2 51.Rh1 Kc5 52.Kb3
Rh3+ 53.Kb2 Kxc4 54.Kc2 a5 55.Kd2 Kb4 56.Kc2 Ka3 57.Kb1 a4 58.Ka1
e3 59.fxe3 Rg3 0-1

[Event "Ch Latvia"]
[Site "Riga (Latvia)"]
[Date "2021.09.20"]
[Round "5.9"]
[White "Mierins Emils Janis (LAT)"]
[Black "Petrovs Renars (LAT)"]
[Result "1-0"]
[WhiteElo "2028"]
[BlackElo "1187"]
[Annotator ""]
[Source ""]
[Remark ""]

1.Nf3 Nf6 2.b3 d6 3.Bb2 e5 4.d3 Nc6 5.g3 Rb8 6.c4 b6 7.Bg2 Bb7
8.O-O g6 9.e4 Bg7 10.Nbd2 O-O 11.a3 a5 12.Bc3 Nd7 13.b4 f5 14.Nb3
fxe4 15.dxe4 Ra8 16.Qd3 Qe7 17.h4 Nf6 18.Rab1 axb4 19.axb4 Ra3
20.Nfd2 Nd4 21.Bb2 Ra4 22.Nxd4 exd4 23.Bxd4 Ng4 24.Bxg7 Qxg7
25.c5 Rfa8 26.cxd6 cxd6 27.Qxd6 Ra2 28.Nf3 Qf6 29.e5 Qxd6 30.exd6
Rf8 31.Rbd1 Rd8 32.Rd4 h5 33.Nd2 Bxg2 34.Kxg2 Kf7 35.Rc1 Rd7
36.Rc7 Ke6 37.Ne4 Ke5 38.Rxd7 Kxd4 39.Re7 Ra8 40.Ng5 Ne5 41.d7
Nc6 42.Re8 Ra7 43.d8Q+ Nxd8 44.Rxd8+ Ke5 45.Rb8 1-0

[Event "Ch Latvia"]
[Site "Riga (Latvia)"]
[Date "2021.09.20"]
[Round "5.10"]
[White "Springis Jevgenijs (LAT)"]
[Black "Alainis Artis (LAT)"]
[Result "1-0"]
[WhiteElo "1879"]
[BlackElo "1841"]
[Annotator ""]
[Source ""]
[Remark ""]

1.Nf3 d5 2.b3 Nf6 3.Bb2 Bf5 4.g3 e6 5.Bg2 Bc5 6.O-O O-O 7.d3
a6 8.c4 c6 9.Nbd2 h6 10.a3 Nbd7 11.b4 Ba7 12.c5 Qc7 13.d4 Rae8
14.Nb3 Ne4 15.Nfd2 Nxd2 16.Nxd2 e5 17.e4 dxe4 18.g4 Bh7 19.Nxe4
Bxe4 20.Bxe4 Bb8 21.f3 exd4 22.Rf2 Nf6 23.Qxd4 Qf4 24.Re1 Qg5
25.Rfe2 Rd8 26.Qf2 Qf4 27.Bc1 Qc7 28.Bb2 Nxe4 29.Rxe4 f6 30.Bc1
Qc8 31.Qe2 Be5 32.f4 Bb8 33.h3 Kh8 34.Bb2 Qc7 35.h4 Qf7 36.g5
Qg6 37.Kh1 Qf5 38.Qf3 fxg5 39.Re7 Rg8 40.R1e6 Qb1+ 41.Re1 Qxb2
42.hxg5 Rd2 43.Re8 Rh2+ 44.Kg1 Bxf4 45.g6 Qa2 46.Rxg8+ Qxg8 47.Qxf4
Rh5 48.Qf7 Rg5+ 49.Kh1 Rh5+ 50.Kg2 Rg5+ 51.Kh3 Qc8+ 52.Qe6 Qf8
53.Qf7 Qc8+ 54.Qe6 Qf8 55.Qe8 Rh5+ 56.Kg4 Rg5+ 57.Kh4 Rf5 58.Qxf8+
Rxf8 59.Re7 Rb8 60.Rc7 Kg8 61.Kg4 Kf8 62.Kf5 Kg8 63.Ke6 Kf8 64.Rf7+
Kg8 65.a4 Rf8 66.Ke7 Rb8 67.a5 Rc8 68.Rf4 Rb8 69.Rd4 h5 70.Rf4
Rc8 71.Rf5 Rb8 72.Rxh5 Rf8 73.Rh8+ Kxh8 74.Kxf8 b5 75.axb6 a5
76.b7 a4 77.b8Q 1-0

[Event "Ch Latvia"]
[Site "Riga (Latvia)"]
[Date "2021.09.20"]
[Round "5.11"]
[White "Katishonok Nikolaj (LAT)"]
[Black "Gobleja Karlis (LAT)"]
[Result "1-0"]
[WhiteElo "2123"]
[BlackElo "1728"]
[Annotator ""]
[Source ""]
[Remark ""]

1.c4 Nf6 2.g3 g6 3.b3 Bg7 4.Bb2 d6 5.d4 O-O 6.Bg2 c6 7.Nf3 Bg4
8.h3 Bxf3 9.Bxf3 d5 10.O-O Ne4 11.Nd2 f5 12.Bg2 Nd7 13.Nf3 Qb6
14.Qc2 e6 15.e3 Rf7 16.Rac1 Bh6 17.Rfe1 g5 18.Nh2 Bf8 19.a3 Qd8
20.c5 Qf6 21.Nf1 Qg6 22.b4 Be7 23.a4 h5 24.f3 Nef6 25.b5 g4 26.e4
gxf3 27.exf5 exf5 28.Bxf3 Ne4 29.Qg2 Kh7 30.Kh2 Rg8 31.Rc2 Ndf6
32.Bc1 Bd8 33.Bf4 Nd7 34.Rb1 Bg5 35.bxc6 bxc6 36.Bxg5 Qxg5 37.Rb7
h4 38.g4 Qf4+ 39.Kg1 Ng5 40.Rf2 Qxd4 41.Kh1 Qxc5 42.Be2 Ne4 43.Rf4
Qc3 44.Qf3 Rgg7 45.gxf5 Qxf3+ 46.Bxf3 Ng3+ 47.Nxg3 hxg3 48.Rxa7
Ne5 49.Rxf7 Rxf7 50.Kg2 Nd3 51.Rd4 Nc5 52.Bd1 Kg7 53.Bc2 Kf6
54.Kxg3 Rb7 55.Kf4 Rh7 56.Kg4 Rg7+ 57.Kf3 Rh7 58.h4 Ke5 59.Rf4
d4 60.f6 Rf7 61.Rf5+ Kd6 62.a5 d3 63.Bb1 Na6 64.Ba2 Rf8 65.Bc4
Nb4 66.Ke3 Re8+ 67.Kd2 Kd7 68.f7 Rf8 69.Kc3 Nd5+ 70.Bxd5 cxd5
71.Kxd3 1-0

[Event "Ch Latvia"]
[Site "Riga (Latvia)"]
[Date "2021.09.20"]
[Round "5.12"]
[White "Gudovskis Konstantins (LAT)"]
[Black "Savicevs Arsenijs (LAT)"]
[Result "1-0"]
[WhiteElo "2024"]
[BlackElo "1708"]
[Annotator ""]
[Source ""]
[Remark ""]

1.e4 c5 2.b4 cxb4 3.a3 d5 4.exd5 Qxd5 5.Nf3 Bg4 6.axb4 Nc6 7.Nc3
Qe6+ 8.Be2 Bxf3 9.gxf3 Nd4 10.Ne4 Nf6 11.Bb2 Nxf3+ 12.Bxf3 Nxe4
13.Qe2 Nd6 14.Qxe6 fxe6 15.Be5 a6 16.Bxd6 exd6 17.Bxb7 Rb8 18.Bc6+
Kf7 19.c3 Rb6 20.Be4 Be7 21.Ke2 g6 22.Ra5 Rb5 23.Rha1 Rhb8 24.Bd3
Rxa5 25.Rxa5 Bd8 26.Rxa6 Bb6 27.Bb1 Ke7 28.Ba2 Kd7 29.Bc4 Kc7
30.d4 Re8 31.Ra1 e5 32.d5 e4 33.Rf1 Ra8 34.f4 Ra3 35.Kd2 Kd7
36.f5 Ke7 37.fxg6 hxg6 38.Rf4 e3+ 39.Kc2 Ra1 40.Re4+ Kf7 41.Re6
Bc7 42.Rxe3 Rh1 43.Re2 Bb6 44.Bd3 g5 45.Bf5 Bg1 46.h3 Rh2 47.Rxh2
Bxh2 48.Kb3 Bg1 49.Ka4 Ke7 50.Kb5 Be3 51.Kc6 Kf6 52.Be6 Bd2 53.b5
Bxc3 54.b6 Bd4 55.b7 1-0

[Event "Ch Latvia"]
[Site "Riga (Latvia)"]
[Date "2021.09.20"]
[Round "5.13"]
[White "Adamovics Aleksejs (LAT)"]
[Black "Boreisis Vitauts (LAT)"]
[Result "0-1"]
[WhiteElo "1594"]
[BlackElo "1930"]
[Annotator ""]
[Source ""]
[Remark ""]

1.d4 d5 2.c4 e6 3.Nc3 Nf6 4.Bg5 Be7 5.e3 O-O 6.Nf3 Nbd7 7.Bd3
b6 8.O-O Bb7 9.Rc1 Ne4 10.Bxe7 Qxe7 11.Nd2 Ndf6 12.f3 Nxd2 13.Qxd2
Rfd8 14.Qe2 c5 15.dxc5 bxc5 16.Rfd1 d4 17.exd4 cxd4 18.Ne4 Bxe4
19.Bxe4 Rac8 20.Qc2 Qc5 21.Kh1 g6 22.Qe2 a5 23.f4 Rc7 24.Rd2
h5 25.h3 Kg7 26.Qd3 h4 27.Bf3 Qd6 28.a3 Qxf4 29.b4 axb4 30.axb4
e5 31.Re1 Nd7 32.Re4 Qg5 33.Rg4 Qe7 34.Re4 f5 35.Re1 Qxb4 36.Bd5
Qd6 37.Qe2 Qf6 38.Ra2 e4 39.Rea1 Nc5 40.Ra3 Rcd7 41.Qb2 d3 42.Qb4
Qd4 0-1

[Event "Ch Latvia"]
[Site "Riga (Latvia)"]
[Date "2021.09.20"]
[Round "5.14"]
[White "Sokolovskis Pavels (LAT)"]
[Black "Milovs Daniels (LAT)"]
[Result "0-1"]
[WhiteElo "1568"]
[BlackElo "1814"]
[Annotator ""]
[Source ""]
[Remark ""]

1.d4 Nf6 2.Bf4 d6 3.e3 g6 4.Nf3 Bg7 5.c3 O-O 6.Nbd2 c5 7.h3 Nc6
8.Nb3 cxd4 9.exd4 e5 10.dxe5 dxe5 11.Qxd8 Rxd8 12.Bg5 h6 13.Bh4
g5 14.Bg3 Nh5 15.Bb5 Nxg3 16.fxg3 Bf5 17.O-O Bd3 18.Bxd3 Rxd3
19.Rad1 Rad8 20.Rxd3 Rxd3 21.Re1 b6 22.g4 f6 23.Kf2 Kf7 24.Nfd2
Ne7 25.Ke2 Rd8 26.Rf1 Kg6 27.Rf3 h5 28.Ne4 h4 29.Nc1 Nd5 30.Nd3
Ne7 31.a4 Rc8 32.g3 Rc4 33.Nd6 Rxa4 34.Nf2 hxg3 35.Rxg3 Nd5 36.Nfe4
Ra2 37.Kd3 Rxb2 38.Kc4 Nf4 39.Rf3 Bf8 40.Ne8 b5# 0-1

[Event "Ch Latvia"]
[Site "Riga (Latvia)"]
[Date "2021.09.20"]
[Round "5.15"]
[White "Aleidzans Vadims (LAT)"]
[Black "Zajakins Artjoms (LAT)"]
[Result "0-1"]
[WhiteElo "1433"]
[BlackElo "1477"]
[Annotator ""]
[Source ""]
[Remark ""]

1.e4 e6 2.d4 d5 3.Nd2 dxe4 4.Nxe4 Nd7 5.Nf3 Ngf6 6.Nxf6+ Nxf6
7.Bd3 Be7 8.Qe2 O-O 9.Bg5 c5 10.O-O-O Qa5 11.Kb1 cxd4 12.Bxf6
Bxf6 13.Qe4 g6 14.Nxd4 Rd8 15.Nb3 Qb6 16.h4 a5 17.a4 e5 18.g4
Qb4 19.Qf3 Bg7 20.Rdg1 Bd7 21.Be4 Bxa4 22.h5 Bc6 23.hxg6 hxg6
24.Bxc6 bxc6 25.Re1 a4 26.Re4 Qb5 27.Nc1 c5 28.g5 Rab8 29.Qa3
Rd4 30.Rxd4 exd4 31.Rh4 c4 32.Ne2 c3 33.Nxd4 Qf1+ 0-1

[Event "Ch Latvia"]
[Site "Riga (Latvia)"]
[Date "2021.09.20"]
[Round "5.16"]
[White "Valdats Reinis (LAT)"]
[Black "Stinka Gustavs (LAT)"]
[Result "0-1"]
[WhiteElo "1440"]
[BlackElo "1024"]
[Annotator ""]
[Source ""]
[Remark ""]

1.e4 e5 2.Nf3 Nc6 3.d4 exd4 4.Bc4 Nf6 5.e5 d5 6.Bb5 Ne4 7.Nxd4
Bd7 8.Bxc6 bxc6 9.O-O c5 10.Nb3 c6 11.f3 Ng5 12.Nc3 c4 13.Nd2
Bc5+ 14.Kh1 O-O 15.f4 Ne6 16.Nf3 g6 17.Qe1 Ng7 18.Ne2 Bg4 19.Ng3
Nf5 20.Nxf5 Bxf5 21.Nh4 Qd7 22.Bd2 Be7 23.Nf3 Bxc2 24.Ng5 Bxg5
25.fxg5 Qg4 26.Rf4 Qe6 27.Qh4 Rfe8 28.Qh6 c5 29.Re1 Rab8 30.Rh4
Rxb2 31.Qxh7+ Kf8 32.Ba5 Rb7 33.Qh8+ Ke7 34.Qf6+ Kd7 35.Qxe6+
Rxe6 36.Rh7 Ke7 37.Rf1 Bf5 38.g4 Rb1 39.Rxb1 Bxb1 40.Rh8 Rxe5
41.Rb8 Bxa2 42.Rb7+ Kf8 43.Rb8+ Kg7 44.Bd8 Re6 45.Bf6+ Rxf6 46.gxf6+
Kxf6 47.Rb2 Bb3 48.Kg2 Ke5 49.Kf2 Kf4 50.h3 a5 51.Rb1 a4 52.Rc1
a3 53.Ra1 a2 54.Rc1 d4 55.Rf1 Ke4 56.Re1+ Kd3 57.h4 Kc3 58.h5
gxh5 59.gxh5 Bc2 60.h6 Bh7 0-1